Putra nusantara : son of the Indonesian Archipelago : Mohammad Amien Rais

Bibliographic Details
Other Authors: Taryn, Ng
Format: Book
Published: Singapore : Stamford Press , 1999
Subjects:

MARC

LEADER 00000cam a2200000 7i4500
001 0000018754
005 20080611.0
008 080611
020 |a 981049906X 
090 0 0 |a 320.9598   |b PUT 
245 0 0 |a Putra nusantara :   |b son of the Indonesian Archipelago : Mohammad Amien Rais   |c editor Taryn Ng 
260 |a Singapore :   |b Stamford Press ,   |c 1999 
600 0 0 |a Rais, Muhammad Amien, 1994   |x Biography 
600 0 0 |a Rais, Muhammad Amin, 1994 
650 0 |a Indonesian politics and goverment 1998 
700 0 |a Taryn, Ng 
999 |a 0001011944   |b Book   |c Adult Collection   |e Perbadanan Perpustakaan Awam Johor 
999 |a 0001011945   |b Book   |c Adult Collection   |e Perbadanan Perpustakaan Awam Johor